000 00296nam a22001217a 4500
008 180118b xxu||||| |||| 00| 0 eng d
041 _aeng
080 _a330
100 _a52
101 _aEKO
245 _aEconomic history and the history of economics
_cBlaug,M
942 _2udc
_cBK
999 _c40496
_d40496